AFC Bournemouth Squad 2024-2025 - Statistics

General Stats
  • This quiz has been taken 316 times
    154 since last reset
  • The average score is 20 of 29
Answer Stats
# Position Nation Player % Correct
3 DF Hungary Milos Kerkez
98%
9 FW Brazil Evanilson
92%
19 FW Netherlands Justin Kluivert
92%
13 GK Spain Kepa Arrizabalaga
91%
12 MF United States Tyler Adams
91%
2 DF Spain Dean Huijsen
90%
4 MF England Lewis Cook
88%
24 FW Ghana Antoine Semenyo
87%
27 DF Ukraine Ilya Zabarnyi
87%
5 DF Argentina Marcos Senesi
83%
11 FW Burkina Faso Dango Ouattara
81%
10 MF Scotland Ryan Christie
78%
- Coach Spain Andoni Iraola
76%
26 FW Turkey Enes Ünal
76%
17 FW Colombia Luis Sinisterra
74%
7 FW Wales David Brooks
70%
28 DF Mexico Julián Araujo
70%
15 DF England Adam Smith
67%
29 MF Denmark Philip Billing
66%
16 MF England Marcus Tavernier
57%
42 GK Ireland Mark Travers
57%
6 DF Wales Chris Mepham
51%
14 MF England Alex Scott
49%
23 DF England James Hill
42%
21 FW Canada Daniel Jebbison
41%
37 DF England Max Aarons
38%
20 DF Argentina Julio Soler
36%
40 GK England Will Dennis
21%
45 DF United States Matai Akinmboni
14%
No matching quizzes found
Score Distribution
Percent of People with Each Score
Percentile by Number Answered
Your Score History
You have not taken this quiz since the last reset